Camparison of different substat ingredient for straw mushroom ការប្រៀបធៀបសមាសភាពផ្សំសម្រាប់ធ្វើចាហួយ និងសមាសភាពផ្សេងៗគ្នាលើការបណ្តុះផ្សិតចំបើង (Record no. 1159)
[ view plain ]
| 000 -LEADER | |
|---|---|
| fixed length control field | 00665nam a22001577a 4500 |
| 003 - CONTROL NUMBER IDENTIFIER | |
| control field | OSt |
| 005 - DATE AND TIME OF LATEST TRANSACTION | |
| control field | 20150923161018.0 |
| 008 - FIXED-LENGTH DATA ELEMENTS--GENERAL INFORMATION | |
| fixed length control field | 150923b xxu||||| |||| 00| 0 eng d |
| 040 ## - CATALOGING SOURCE | |
| Transcribing agency | RUA |
| 082 ## - DEWEY DECIMAL CLASSIFICATION NUMBER | |
| Classification number | AGR PHA 2011 B049 Or.1 |
| 100 ## - MAIN ENTRY--PERSONAL NAME | |
| 9 (RLIN) | 1215 |
| Personal name | PHAN, SOHPEAP. |
| 245 ## - TITLE STATEMENT | |
| Title | Camparison of different substat ingredient for straw mushroom ការប្រៀបធៀបសមាសភាពផ្សំសម្រាប់ធ្វើចាហួយ និងសមាសភាពផ្សេងៗគ្នាលើការបណ្តុះផ្សិតចំបើង |
| 260 ## - PUBLICATION, DISTRIBUTION, ETC. (IMPRINT) | |
| Place of publication, distribution, etc. | Phnom Penh |
| Name of publisher, distributor, etc. | RUA |
| Date of publication, distribution, etc. | 2011 |
| 300 ## - PHYSICAL DESCRIPTION | |
| Extent | ix, 35p. |
| Other physical details | ill. |
| Dimensions | 29cm. |
| 942 ## - ADDED ENTRY ELEMENTS (KOHA) | |
| Source of classification or shelving scheme | |
| Koha item type | AGR |
| Price effective from | Date last seen | Permanent Location | Not for loan | Date acquired | Source of classification or shelving scheme | Koha item type | Lost status | Withdrawn status | Date last checked out | Total Checkouts | Shelving location | Damaged status | Barcode | Current Location | Full call number |
|---|---|---|---|---|---|---|---|---|---|---|---|---|---|---|---|
| 2015-09-23 | 2019-10-21 | Library Block B | 2015-09-23 | AGR | 2019-10-04 | 3 | B049 | RUA006836 | Library Block B | AGR PHA 2011 B049 Or.1 | |||||
| 2015-09-23 | 2025-06-19 | Library Block B | 2015-09-23 | AGR | 2025-06-04 | 3 | B049 | RUA006548 | Library Block B | AGR PHA 2011 B049 Or.2 | |||||
| 2015-09-23 | 2016-10-07 | Library Block B | 2015-09-23 | AGR | 2016-09-16 | 1 | B049 | RUA006406 | Library Block B | AGR PHA 2011 B049 Or.3 | |||||
| 2015-09-23 | 2015-09-23 | Library Block B | 2015-09-23 | AGR | B049 | RUA006909 | Library Block B | AGR PHA 2011 B049 Or.4 | |||||||
| 2015-09-23 | 2018-01-23 | Library Block B | 2015-09-23 | AGR | 2017-12-08 | 3 | B049 | RUA006403 | Library Block B | AGR PHA 2011 B049 Or.5 | |||||
| 2015-09-23 | 2016-07-19 | Library Block B | 2015-09-23 | AGR | 2016-07-08 | 3 | B049 | RUA006090 | Library Block B | AGR PHA 2011 B049 Or.6 |